Wszystkie piosenki White 2115 - Statystyki

Ogólne statystyki
  • Ten quiz został rozwiązany 91 razy
    33 od ostatniego zresetowania
  • Średni wynik to 68 z 142
Statystyki odpowiedzi
Album Odpowiedź % Poprawnych
Rockstar California
94%
Pretty Boy Pretty Boy
94%
ROCKST4R Deluxe Wieczny student
94%
Rockstar Rockstar
88%
Młody Książe Rok
88%
Bentley Music Mixtape | Pretty Boy Intro
81%
Rockstar Jaki ojciec taki syn
81%
ROCKST4R Lady Gaga (Zejdź w dół)
81%
Rockstar Balmain
75%
ROCKST4R Deluxe Mamacita
75%
Młody Książe Młody Książe
75%
Rockstar: Do zachodu słońca Morgan
75%
Rockstar Noc
75%
Rockstar Nowi kumple
75%
Pretty Boy 18
69%
Rockstar Anioł stróż
69%
Rockstar: Do zachodu słońca Do zachodu słońca
69%
Rockstar Jim Morrison
69%
Rockstar La vida loca
69%
Rockstar Legenda
69%
ROCKST4R Deluxe Lovestory
69%
ROCKST4R Offwhite
69%
Pretty Boy Pierwszy raz
69%
ROCKST4R Presja
69%
Pretty Boy RiRi
69%
Pretty Girl Saint Tropez
69%
Rockstar: Do zachodu słońca 2020
63%
Bentley Music Mixtape Ćmy (feat Szpaku)
63%
Młody Książe DMC
63%
Pretty Boy Easy Rider
63%
Rockstar: Do zachodu słońca Hel
63%
ROCKST4R Infinity Pool
63%
Młody Książe John Travolta
63%
ROCKST4R Kaptur
63%
Rockstar Kurt Cobain
63%
Młody Książe Mogę dziś umierać
63%
Diamentowy Las Mutanci
63%
Pretty Boy Najmłodszy Łajcior
63%
Rockstar: Do zachodu słońca Papieros
63%
Pretty Boy Sąsiedzi
63%
Pretty Boy Śliczny chłopiec
63%
ROCKST4R Spadająca Gwiazda
63%
Pretty Boy Traplife
63%
Młody Książe Trzy Butelki
63%
ROCKST4R 2KC (feat Slowez)
56%
Młody Książe +48
56%
Młody Książe Byliśmy tu
56%
ROCKST4R Choć nie widać na zewnątrz (feat Bedoes)
56%
Rockstar Cry Baby
56%
Młody Książe D.Evil
56%
Diamentowy Las Diamentowy Las
56%
Bentley Music Mixtape Family Guy
56%
Diamentowy Las Jesień w Diamentowym Lesie
56%
Rockstar: Do zachodu słońca Jesteśmy tu
56%
Rockstar: Do zachodu słońca Kap kap (feat Szpaku)
56%
Rockstar: Do zachodu słońca Krzyki na blokach
56%
Rockstar: Do zachodu słońca Oh oh (lalala)
56%
Pretty Girl Pół życia
56%
Rockstar: Do zachodu słońca Porsche
56%
ROCKST4R Rodeo!
56%
Rockstar Sen
56%
Rockstar Sos mula (feat Białas)
56%
Młody Książe AMG
50%
Pretty Boy Booker (Baw się)
50%
Pretty Boy Broly
50%
ROCKST4R Deluxe Chcę właśnie to (x kuqe 2115)
50%
SB Starter Kimś (feat Young Multi)
50%
Młody Książe M550i
50%
ROCKST4R Nawiedzony Dom
50%
SB Starter Nie ma Boga
50%
ROCKST4R Opuszczony Dach
50%
Diamentowy Las Święto ogródka
50%
Bentley Music Mixtape W dół
50%
Rockstar: Do zachodu słońca Wschód (Intro)
50%
Rockstar: Do zachodu słońca Zachód (Outro)
50%
ROCKST4R 392
44%
ROCKST4R Chromowane Serce
44%
Bentley Music Mixtape Ciągnie Cię do mnie
44%
ROCKST4R Co ja poradzę
44%
Bentley Music Mixtape Czas na mnie
44%
Rockstar: Do zachodu słońca David
44%
ROCKST4R Dzisiaj
44%
Młody Książe Flesz
44%
Bentley Music Mixtape Gdzie jest Nemo
44%
Młody Książe GTR
44%
Pretty Girl Nic na pokaz
44%
Młody Książe Pałac
44%
ROCKST4R Postanowienia noworoczne
44%
Bentley Music Mixtape Pull Up (feat Viki Gabor)
44%
Diamentowy Las Różowy śnieg
44%
Bentley Music Mixtape Stara fura
44%
Pretty Boy Afterparty (to dla Was)
38%
Bentley Music Mixtape Co ze mną nie tak
38%
Bentley Music Mixtape ET (feat Slowez)
38%
Bonus Gubię kroki
38%
Młody Książe Intruz
38%
Rockstar: Do zachodu słońca Johnny Knoxville
38%
Diamentowy Las Korzenie w bagnie
38%
Pretty Boy Milanówek callin'
38%
Bentley Music Mixtape My Dawg
38%
Bonus Najmłodszy Książe
38%
Młody Książe Na zawsze
38%
ROCKST4R Rozpięta Koszula
38%
Diamentowy Las Spacer po lecie
38%
ROCKST4R Sto tysięcy razy (feat Chivas)
38%
Młody Książe Tańczę
38%
Bonus Traproom
38%
Młody Książe Triple S
38%
Młody Książe Wampir
38%
ROCKST4R Ze łzami Ci do twarzy
38%
Pretty Boy Buch na dwóch
31%
Pretty Boy Bulletproof
31%
Bentley Music Mixtape Jesteś inna
31%
Diamentowy Las Nie lubię ku
31%
Rockstar: Do zachodu słońca Parę K
31%
Rockstar: Do zachodu słońca Skrywam
31%
Diamentowy Las Afera
25%
Diamentowy Las Czysty Diament
25%
Bonus Happy New Year Freestyle
25%
2115 Gang Koszula
25%
Bonus KOSZULA
25%
Diamentowy Las Lombard dusz
25%
Młody Książe Nie chcę
25%
2115 Gang American Pie
19%
2115 Gang Bacardi (feat Kuqe 2115)
19%
2115 Gang Łańcuch (feat Bedoes)
19%
Diamentowy Las Pierwszy słońca blask
19%
Bonus RODZINA MA ZNACZENIE
19%
Bonus #Hot16Challange2
13%
2115 Gang Drama
6%
2115 Gang Mój blok
6%
Bonus MÓJ BLOK
6%
Młody Książe Nie ma łez
6%
2115 Gang Śliski parkiet
6%
Bonus ŚLISKI PARKIET
6%
2115 Gang Al Capone
0%
Bonus AL CAPONE
0%
2115 Gang Chcesz zdjęcie (feat Bedoes)
0%
Bonus CHCESZ ZDJĘCIE (feat Bedoes)
0%
Bonus DRAMA (feat Kuqe 2115)
0%
2115 Gang Frank Slade
0%
Nie znaleziono quizów pasujących do podanych kryteriów
Rozkład punktacji
Procent ludzi z każdym wynikiem
Percentyl według liczby udzielonych odpowiedzi
Twoja historia wyników
Nie rozwiązałeś tego quizu od ostatniego zresetowania